| 000 | 00621nam a2200193 a 4500 | ||
|---|---|---|---|
| 005 | 20140310183523.0 | ||
| 008 | 110928s19uu xx 00 eng d | ||
| 020 | _a9781844451289 | ||
| 050 |
_aLB 1050.5 _b.M844 2008 |
||
| 100 | _aMortimore, Tilly | ||
| 245 |
_aDyslexia-friendly practice in the secondary classroom / _cTilly Mortimore and Jane Dupree. |
||
| 260 |
_aUnited Kingdom : _bLearning Matters, _c2008. |
||
| 300 |
_a148 p. : _c24 cm. |
||
| 521 | _aEDU | ||
| 650 |
_aDyslexic children _xEducation (Secondary) _xHandbooks, manuals, etc. |
||
| 700 | _aDupree, Jane | ||
| 942 |
_cBK _2lcc _kFOR |
||
| 999 |
_c24442 _d24442 |
||